<?xml version="1.0" encoding="UTF-8"?>
<collection xmlns:xsi="http://www.w3.org/2001/XMLSchema-instance" xsi:schemaLocation="http://www.loc.gov/MARC21/slim http://www.loc.gov/standards/marcxml/schema/MARC21slim.xsd" xmlns="http://www.loc.gov/MARC21/slim">
 <record>
  <leader>00000cam a22000003a 4500</leader>
  <controlfield tag="001">UP-99796217613163098</controlfield>
  <controlfield tag="003">Buklod</controlfield>
  <controlfield tag="005">20191030134031.0</controlfield>
  <controlfield tag="006">m     q  i        </controlfield>
  <controlfield tag="007">ta</controlfield>
  <controlfield tag="008">191030s2016    xx     d     r    |||| u|</controlfield>
  <datafield tag="020" ind1=" " ind2=" ">
   <subfield code="a">9781480841802</subfield>
  </datafield>
  <datafield tag="035" ind1=" " ind2=" ">
   <subfield code="a">(iLib)UPD-00414267855</subfield>
  </datafield>
  <datafield tag="040" ind1=" " ind2=" ">
   <subfield code="a">UtOrBLW</subfield>
   <subfield code="d">DAC</subfield>
   <subfield code="e">rda</subfield>
  </datafield>
  <datafield tag="041" ind1=" " ind2=" ">
   <subfield code="a">eng</subfield>
  </datafield>
  <datafield tag="090" ind1=" " ind2=" ">
   <subfield code="a">DS 917.444</subfield>
   <subfield code="b">M66 2016</subfield>
  </datafield>
  <datafield tag="100" ind1="1" ind2=" ">
   <subfield code="a">Moon, Hyun Jin Preston</subfield>
   <subfield code="c">Doctor</subfield>
   <subfield code="d">1969-</subfield>
  </datafield>
  <datafield tag="245" ind1="1" ind2="0">
   <subfield code="a">Korean dream</subfield>
   <subfield code="b">a vision for a unified Korea</subfield>
   <subfield code="c">Hyun Jin Preston Moon.</subfield>
  </datafield>
  <datafield tag="264" ind1=" " ind2="0">
   <subfield code="a">Bloomington, IN</subfield>
   <subfield code="b">Archway Publishing</subfield>
   <subfield code="c">2016</subfield>
  </datafield>
  <datafield tag="300" ind1=" " ind2=" ">
   <subfield code="a">xxxii, 272 pages</subfield>
   <subfield code="c">24 cm.</subfield>
  </datafield>
  <datafield tag="336" ind1=" " ind2=" ">
   <subfield code="a">text</subfield>
   <subfield code="2">rdacontent</subfield>
  </datafield>
  <datafield tag="337" ind1=" " ind2=" ">
   <subfield code="a">unmediated</subfield>
   <subfield code="2">rdamedia</subfield>
  </datafield>
  <datafield tag="338" ind1=" " ind2=" ">
   <subfield code="a">volume</subfield>
   <subfield code="2">rdacarrier</subfield>
  </datafield>
  <datafield tag="504" ind1=" " ind2=" ">
   <subfield code="a">Includes bibliographical references</subfield>
  </datafield>
  <datafield tag="505" ind1="0" ind2=" ">
   <subfield code="a">Foreword by Edwin J. Feulner, Ph. D. -- Foreword from the Korean edition -- Author's preface -- Introduction to the English edition -- The Korean dream -- Children of a divided homeland -- The oppotunities and challenges for unification -- Discovering our future through understanding our past -- People power is the path to unification -- Engagement beyond government: the role of civil society and NGOs -- From the Korean Dream to One Family under God -- About the Global Peace Foundation</subfield>
  </datafield>
  <datafield tag="520" ind1=" " ind2=" ">
   <subfield code="a">North Korea today is a rogue state threatening global peace and challenging the conscience of humanity. In the South, Koreans now face long-term social consequences from    the pursuit of economic development at all costs. In Korean Dream, Dr. Hyun Jin Preston Moon presents an innovative way forward on the Korean peninsula. He explains lucidly why Korean unification is the ultimate answer to security, economic, and social problems created through 70 years of division. He goes a step further, offering a groundbreaking approach to peace rooted in the founding principles and cultural practices that have made Koreans one people for millennia. Korean Dream highlights the importance of civil society organizations in promoting historical changes, and is a call to action to Koreans and their friends everywhere. Today, Dr. Moon is leading the way, inspiring an unprecedented coalition of groups to work for the long-cherished hope of a unified, peaceful Korean peninsula.</subfield>
  </datafield>
  <datafield tag="650" ind1=" " ind2="0">
   <subfield code="a">Korean reunification question (1945-  )</subfield>
  </datafield>
  <datafield tag="650" ind1=" " ind2="0">
   <subfield code="a">Political science.</subfield>
  </datafield>
  <datafield tag="650" ind1=" " ind2="0">
   <subfield code="a">Social sciences.</subfield>
  </datafield>
  <datafield tag="650" ind1=" " ind2="0">
   <subfield code="a">Ethnology</subfield>
   <subfield code="x">Study and teaching.</subfield>
  </datafield>
  <datafield tag="650" ind1=" " ind2="0">
   <subfield code="a">Minorities</subfield>
   <subfield code="x">Study and teaching.</subfield>
  </datafield>
  <datafield tag="905" ind1=" " ind2=" ">
   <subfield code="a">FO</subfield>
  </datafield>
  <datafield tag="852" ind1="0" ind2=" ">
   <subfield code="a">UPD</subfield>
   <subfield code="b">DAC</subfield>
   <subfield code="h">DS 917.444</subfield>
   <subfield code="i">M66 2016</subfield>
  </datafield>
  <datafield tag="942" ind1=" " ind2=" ">
   <subfield code="a">Book</subfield>
  </datafield>
 </record>
</collection>
